000 01076cam a2200325 i 4500
999 _c200429095
_d47019
001 200429095
003 TR-AnTOB
005 20250620074105.0
007 ta
008 120807m20021979tu 000 e d t tu d
040 _aTR-AnTOB
_beng
_cTR-AnTOB
_erda
_dTR-AnTOB
041 0 _atur
050 0 0 _aPL223
090 _aPL223
_b.K369 2002
100 1 _aKaplan, Mehmet
_d1915-1986
_954157
245 1 0 _aHikaye tahlilleri /
_cMehmet Kaplan.
250 _a8. baskı
_bTemmuz 2002
264 1 _aİstanbul :
_bDergah Yayınları,
_c2002.
300 _a398 pages ;
_c24 cm.
336 _atext
_2rdacontent
_btxt
337 _aunmediated
_2rdamedia
_bn
338 _avolume
_2rdacarrier
_bnc
490 0 _aDergah Yayınları ;
_v66
_aİnceleme Dizisi ;
_v9
_aMehmet Kaplan Dizisi ;
_v9
650 0 _aKısa hikayeler, Türk
_xTarih ve eleştiri
_990864
650 0 _aShort stories, Turkish
_931731
650 0 _aShort stories, Turkish
_xHistory and criticism
_931731
650 7 _aKısa hikayeler, Türk
_2etuturkob
_948475
942 _2lcc
_cBK